000 01219nam a2200289Ia 4500
999 _c5161
_d5161
003 OSt
005 20200407122034.0
008 191128s2004 ck gr 000 0 spa d
020 _a9589262392
040 _aCO-JMCR
_cCO-JMCR
041 0 _aspa
082 0 4 _a323.01 /
_bC677s
_221
100 1 _aCortés, Miguel Ernesto,
_eautor
_92674
245 1 0 _aSalud y libre comercio :
_bun contrasentido /
_cMiguel Ernesto Cortés ; ilustraciones Jairán Sánchez
260 _aBogotá :
_bPlataforma Colombiana de Derechos Humanos,
_c2004
300 _a111 páginas :
_bilustraciones a color ;
_c17 cm.
490 0 _aAlcatemas ;
_v6
504 _aBibliográfia: páginas 63-67
505 0 _aSalud y libre comercio -- De salud a servicios médicos : una involución -- Los tratados profundizan la crisis -- Influencias de los TLC sobre el sector
650 1 4 _aFinanciamiento de la salud
_92675
650 1 4 _aDerecho a la salud
_zColombia
_92676
650 1 4 _aDerecho a la salud
_zAmérica Latina
_92677
650 1 4 _aDerecho a la salud
_zPaíses en desarrollo
_92678
650 1 4 _aDerechos humanos y salud
_xtratados comerciales
_zColombia
_92679
700 1 _aSánchez, Jairán,
_eilustrador
_92680
942 _2ddc
_cBK